Pays où vivent les personnes les plus âgées - Statistiques

Statistiques générales
  • Ce quiz a été pris 698 fois
    9 depuis la dernière actualisation
  • Le résultat moyen est 19 sur 24
Statistiques - réponses
Pays Supercentenaires % Correct
Argentine 17
100%
Belgique 35
100%
Canada 212
100%
Espagne 158
100%
États-Unis 2161
100%
Finlande 14
100%
France 499
100%
Japon 833
100%
Allemagne 113
88%
Australie 82
88%
Brésil 70
88%
Italie 301
88%
Mexique 55
88%
Norvège 21
88%
Pays-Bas 46
88%
Pologne 33
88%
Portugal 26
88%
Royaume-Uni 285
88%
Suède 34
88%
Autriche 16
50%
Colombie 34
38%
Jamaïque 13
38%
Costa Rica 15
25%
Panama 13
25%
Aucun quiz correspondant
Distribution des résultats
% des personnes avec chaque résultat
Percentile par nombre de réponses
Votre historique - résultats
Vous n’avez pas pris ce quiz depuis la dernière actualisation